Εν Χανίοις

Αποθηκεύτηκε σε:
Λεπτομέρειες βιβλιογραφικής εγγραφής
Συγγραφή απο Οργανισμό/Αρχή: Δήμος Χανίων
Μορφή: Περιοδική έκδοση
Γλώσσα:Greek
Δημοσίευση: Χανιά: Δήμος Χανίων, c 2007-
Θέματα:
Ετικέτες: Προσθήκη ετικέτας
Δεν υπάρχουν, Καταχωρήστε ετικέτα πρώτοι!

MARC

LEADER 00000cas a2200000 a 4500
001 1/113145
008 170222c20079999gr |||||||||||| ||gre||
022 |a 1791-311X 
040 |a GR-MyUa  |b gre  |c GR-MyUa  |e AACR2  
041 0 |a gre 
082 7 |a 949.59072  |2 (23)  
110 2 |a Δήμος Χανίων. 
245 1 0 |a Εν Χανίοις   |h [περιοδικό] :   |c Δήμος Χανίων 
260 |a Χανιά:   |b Δήμος Χανίων,   |c c 2007- 
300 |a  τ. :   |b εικ. ;  |c 24 εκ.  
310 |a Ετήσιο,   |b 2011- 
362 1 |a τ. 5. (2011) -  
500 |a Το περιοδικό εμφανίζεται στη βιβλιοθήκη του παραρτήματος Ρόδου από το 2011 τόμος 5ος έως και σήμερα . Η καταλογογράφηση του περιοδικού έγινε από το εξώφυλλο του 5ου τόμου.  
651 0 |a Chania (Greece)  |x Social life and customs. 
651 0 |a Crete (Greece)  |x Civilization. 
651 0 |a Crete (Greece)  |x History. 
651 0 |a Crete (Greece)  |x Antiquities. 
710 2 |a Δήμος Χανίων,  |e pbl 
853 |a INST  |b RHODES  |c SER  |h 949.59072 
920 |a Δωρεά Βιβλιοθήκης   |y Ρόδος  |z 2011-01 
970 |a ΣΙΔΕΡΗ   |b ΝΕΚΤΑΡΙΑ   |z 22-02-2017